000
00314nam a22001337a 4500
008
171227b xxu||||| |||| 00| 0 eng d
020
_a
1566825297
041
_a
eng
080
_2
10 ED
_a
34
100
_a
14
101
_a
JUR
245
_a
CONSTITUTIONAL LAW CASES AND MATERIALS
_c
COHEN.W
942
_2
udc
_c
BK
999
_c
39437
_d
39437